LEADER 00523nab a2200169 i 4500 001 000000281014 003 CaOOAMICUS 005 20140507000000.0 008 140507n xx uu u0 0und r 013 $a33386 020 $a978-2-200-92910-7 040 $aSeMil$bita 245 10$a[SENZA TITOLO]. 500 $aJanvier-Mars 2014. 773 0 $tAnnée 2014.$dParis : Armand Colin, copyr. 2014.$w()229342 996 $6020$a978-2-200-92910-7$9(OLS)http://semarc/number/267916 996 $6245$a[SENZA TITOLO]$9(OLS)http://semarc/title/354609 LEADER 01345nam a2200277 i 4500 001 000000138725 003 CaOOAMICUS 005 20220928100825.0 008 050509s1949 it u000 u lat u 013 $a112680 040 $aSeMil$bita 100 0 $aTommaso : d'Aquino,$c.$0(OLS)http://semarc/name/423 245 10$aIn Aristotelis Libros De sensu et sensato, de memoria et reminiscentia commentarium /$cS. Thomae Aquinatis ; cura et studio Raymundi M. Spiazzi. 250 $aed. 3. ex integro retractata. 264 1$aTaurini ; Romae :$bMarietti,$c1949. 300 $aVIII, 129 p.: tabelle ;$c24 cm. 500 $aRilegato con: 2N III 37/1-2 650 4$aTommaso : d'Aquino - Aristotele.$0(OLS)http://semarc/subject/12793 650 4$aTommaso : d'Aquino - Pensiero filosofico.$0(OLS)http://semarc/subject/871 700 1 $aSpiazzi, Raimondo,$c.$0(OLS)http://semarc/name/89725 850 $aSeMil 852 $aSeMil$W1$xVenegono$y1$m2N III 37/3$j92207$B92207$CSeMilBibl$Z2$F97640 $81 961 $aOmaggio: Altro 996 $6245$aIn Aristotelis Libros De sensu et sensato, de memoria et reminiscentia commentarium$9(OLS)http://semarc/title/202803 996 $6264$aTaurini ; Romae :$bMarietti$9(OLS)http://semarc/publisher/30253